Average Wealth Countries - Sudden Death - Statistics

General Stats
  • This quiz has been taken 11 times
  • The average score is 5 of 20
Answers on the Grid
Answers color-coded by a green-red scale on the quiz's grid according to % correct below.
Argentina
Barbados
Bhutan
Brunei
Colombia
East Timor
Greece
Guyana
Haiti
India
Indonesia
Iran
Lesotho
Liberia
Mauritius
Mongolia
Morocco
North Korea
Oman
Pakistan
Poland
Romania
Saint Vincent and the Grenadines
Senegal
Serbia
South Africa
Tajikistan
Thailand
Turkey
Turkmenistan
Ukraine
Venezuela
 
Answer Stats
Answer % Correct
Argentina
86%
Morocco
57%
Turkey
57%
Colombia
43%
Iran
43%
Thailand
43%
Romania
29%
Serbia
29%
Ukraine
29%
Bhutan
14%
India
14%
Mongolia
14%
South Africa
14%
Turkmenistan
14%
Haiti
0%
Indonesia
0%
Mauritius
0%
Oman
0%
Saint Vincent and the Grenadines
0%
Venezuela
0%
No matching quizzes found
Score Distribution
Percent of People with Each Score
Percentile by Number Answered
Your Score History
You have not taken this quiz